| 000 | 00636nam a2200205Ia 4500 | ||
|---|---|---|---|
| 003 | OSt | ||
| 005 | 20250801144427.0 | ||
| 008 | 210210b1994 xxu||||| |||| 00| 0 eng d | ||
| 040 | _cAL | ||
| 041 | _aKannada | ||
| 082 | _aK894.108 KASS | ||
| 100 |
_aKASHINATHA AMBALAGE. _dಕಾಶೀನಾಥ ಅಂಬಲಗೆ _9233659 |
||
| 245 |
_aSamakalina panjabi kavithegalu. _bಸಮಕಾಲೀನ ಪಂಜಾಬಿ ಕವಿತೆಗಳು |
||
| 260 |
_aBengaluru. _bKarnataka Sahitya Akademi., _c1994 |
||
| 300 | _a114 | ||
| 650 |
_aPanjabikavithe _9233660 |
||
| 690 |
_aKannada Poetry _9233661 |
||
| 906 | _a057780 | ||
| 942 |
_2ddc _cBK |
||
| 999 |
_c105222 _d105222 |
||